| 000 | 00346 a2200109 4500 | ||
|---|---|---|---|
| 001 | ART_3407 | ||
| 005 | 20260410161714.0 | ||
| 008 | 260409a | ||
| 245 | 1 | 0 | _aEstadios de desarrollo e industria químico-farmacéutica |
| 100 | 1 | _aKatz, Jorge M. | |
| 773 | 0 |
_tDesarrollo económico _g- Vol. 21, Nº 83 (oct./dic. 1981) _wREV1174 |
|
| 999 |
_c16361 _d16361 |
||